000 00676nam a2200265Ia 4500
005 20260302115448.0
008 008 260114s9999 xx 000 0 eng d
020 _a9781408182307
037 _aTextbook
040 _aCRL
040 _beng
040 _cCRL
041 _2eng
041 _aeng
084 _qCRL
100 _aJean E. Howard
_91121705
245 0 _aKing Lear: Language and Writing
260 _bBloomsbury
260 _bThe Arden Shakespeare
260 _c2022
650 _aLiterary Studies
856 _uhttps://doi.org/10.5040/9781408182307?locatt=label:secondary_bloomsburyCollections
942 _cEBOOK
999 _c1686299
_d1686299